| 000 | 00878nam a2200217Ii 4500 | ||
|---|---|---|---|
| 003 | JO-AjNU | ||
| 008 | 230605s9999||||xx |||||||||||||| ||und|| | ||
| 017 | _a2011/17318 | ||
| 020 | _a978-977-6341-43-2 | ||
| 040 |
_aJO-AjNU _bara _erda _cJO-AjNU |
||
| 041 | _aara | ||
| 050 | 1 | 4 | _aHG4026.M4582 2011 |
| 100 | 3 |
_aتأليف: راضي، محمد سامي, _eauthor _934116 |
|
| 245 | 0 | 0 | _aالمحاسبة المالية : الدورة المحاسبية، القوائم المالية، محاسبة العمليات النقدية، محاسبة العمليات الاجلة |
| 264 | 3 | 1 | _aالاسكندرية: دار التعليم الجامعي، 2011 |
| 300 | _a400ص | ||
| 336 |
_atext _btxt _2rdacontent |
||
| 337 |
_aunmediated _bn _2rdamedia |
||
| 338 |
_avolume _bnc _2rdacarrier |
||
| 650 | 4 |
_aالمحاسبة المالية- التحليل المالي _934117 |
|
| 999 |
_aA13953 _c17521 _d17521 |
||